000 00575nam a2200157Ia 4500
008 100122s9999 xx 000 0 und d
082 _b1
_a332.4
100 _aटिपणीस गो गो
245 _aकौटिलीय अर्थशास्त्र प्रदीप
250 _a0
260 _bप्रकाशक शोधणे
_c1924
300 _a80
630 _aकौटिलीय अर्थशास्त्र प्रदीप
730 _aकौटिलीय अर्थशास्त्र प्रदीप
942 _cBOOK
999 _c395198
_d395195